| 000 | 004570000a22001810004500 | ||
|---|---|---|---|
| 003 | MACL | ||
| 005 | 20150908142648.0 | ||
| 008 | 150908b xxu||||| |||| 00| 0 eng d | ||
| 040 |
_aMACL _cMACL |
||
| 041 | _aEnglish | ||
| 082 | _a954.541/DE | ||
| 100 |
_aDe, Ranjit Kumar _99289 |
||
| 245 | _aSocio-Political Movements in India | ||
| 260 |
_bMittal Publication _c1998 _aNew Delhi |
||
| 350 | _a595 | ||
| 650 |
_aHistory _99290 |
||
| 942 |
_cBK _k954.541 _2ddc |
||
| 999 |
_c20794 _d20794 |
||